000 00442nam a22001697a 4500
003 MPLRDC
005 20220104144051.0
008 210129b ||||| |||| 00| 0 eng d
082 _a743.257 LW
100 _a艾拉莱文
245 _a希特勒再世之梦
_c张文浩、童忠绥 译
250 _a一版一刷
260 _a
_b浙江科学技术
_c1981
300 _b
650 _a德国--希特勒专制
942 _cBK
_o743.257 LW
999 _c46061
_d46051